| 000 | 01289nam0a22002771 4500 | ||
|---|---|---|---|
| 001 | rc\2752889 | ||
| 005 | 20110915170840.2 | ||
| 035 | _a(NLR Aleph) 006879741 | ||
| 090 |
_a7034554 _c7034554 |
||
| 100 | _a20110915d1939 |||a0rusy50 ca | ||
| 101 | 0 | _arus | |
| 102 | _aRU | ||
| 105 | _ay z ||||| | ||
| 200 | 1 |
_aНормы выработки на лесокультурные работы и рубки ухода за лесом _fСоставители: инж. М. М. Трубников, инж. Г. С. Дьяков, инж. В. И. Редецкий и др. _gГл. упр. лесоохраны и лесонасаждений при СНК СССР |
|
| 210 |
_aМосква _cБ. и. _d1939 |
||
| 215 |
_a72 с. _d22 см. |
||
| 300 | _aНа 5-й стр. указаны составители: инж. М. М. Трубников, инж. Г. С. Дьяков, инж. В. И. Редецкий и др. | ||
| 702 | 1 |
_aДьяков _bГ. С. _4220 |
|
| 702 | 1 |
_aРедецкий _bВ. И. _4220 |
|
| 702 | 1 |
_aТрубников _bМ. М. _4220 |
|
| 710 | 0 | 1 |
_aСССР _bГлавное упр. лесоохраны и лесонасаждений _3RU\NLR\AUTH\889938418 |
| 801 | 0 |
_aRU _bNLR _gpsbo |
|
| 801 | 1 |
_aRU _bELAR _2rusmarc |
|
| 852 |
_aNLR _j39-11/545 |
||
| 942 | _cBOOK | ||
| 980 | _aNB | ||